Report of the working party appointed by the General Council to inquire into the structure of trade (Record no. 56175)

MARC details
000 -LEADER
fixed length control field 00540nam a2200133 a 4500
008 - FIXED-LENGTH DATA ELEMENTS--GENERAL INFORMATION
fixed length control field 120416s1973 ||||||||||||||||| || u
050 ## - LIBRARY OF CONGRESS CALL NUMBER
Classification number HD 8803 Zam
245 10 - TITLE STATEMENT
Title Report of the working party appointed by the General Council to inquire into the structure of trade
246 ## - VARYING FORM OF TITLE
Title proper/short title Zambia Congress of Trade Unions
260 ## - PUBLICATION, DISTRIBUTION, ETC.
Place of publication, distribution, etc. Kitwe
Name of publisher, distributor, etc. ZCTU National Centre
Date of publication, distribution, etc. (1973)
300 ## - PHYSICAL DESCRIPTION
Extent 87p.
350 ## - PRICE (NR) (BK AM CF MU VM SE) [OBSOLETE]
Price 0.00
995 ## - RECOMMENDATION 995 [LOCAL, UNIMARC FRANCE]
-- 0.00
-- CBU-MAIN LIBRARY (Kitwe)
-- 1
-- 17.40
-- 1
-- AVAILABLE
-- Zambiana Collection
Holdings
Withdrawn status Lost status Source of classification or shelving scheme Damaged status Not for loan Home library Current library Shelving location Date acquired Total Checkouts Full call number Barcode Date last seen Price effective from Koha item type
          CBU-MAIN LIBRARY, KITWE. CBU-MAIN LIBRARY, KITWE.   11/30/2022   HD 8803 Zam 024249 11/30/2022 11/30/2022 MONOGRAPH